EU Cohesion Policy Governance in the Covid-19 Era
Vývoj riadenia kohéznej politiky a skúmanie formovania integračných procesov v Európskej únii. Skúmanie prechodu od mäkkých k tvrdým módom prostredníctvom medziinštitucionálnej dynamiky na úrovni EÚ vo fáze vyjednávania a implementácie medzi kľúčovými inštitucionálnymi aktérmi (Európska komisia, Eur...
Salvato in:
| Autore principale: | |
|---|---|
| Natura: | Capitolo di libro |
| Lingua: | inglese |
| Soggetti: | |
| Tags: |
Nessun Tag, puoi essere il primo ad aggiungerne!!
|
MARC
| LEADER | 00000naa$a2200000$$$4500 | ||
|---|---|---|---|
| 001 | 0279981 | ||
| 005 | 20240502083851.5 | ||
| 041 | 0 | |a eng | |
| 044 | |a CZ | ||
| 245 | 1 | 0 | |a EU Cohesion Policy Governance in the Covid-19 Era |c Igor Jašurek |
| 520 | |a Vývoj riadenia kohéznej politiky a skúmanie formovania integračných procesov v Európskej únii. Skúmanie prechodu od mäkkých k tvrdým módom prostredníctvom medziinštitucionálnej dynamiky na úrovni EÚ vo fáze vyjednávania a implementácie medzi kľúčovými inštitucionálnymi aktérmi (Európska komisia, Európska rada a Európsky parlament), s využitím perspektívy historického inštitucionalizmu pre zdôvodnenie posunu v roku 2013 a pokračovanie tvrdých módov po roku 2020. Pochopenie vyvíjajúceho sa riadenia kohéznej politiky EÚ silou kľúčových kategórií historického inštitucionalizmu, kritických bodov a závislostí od ciest, pričom hlavnými hnacími silami zmeny a pokračovania či zintenzívnenia tvrdých módov sú krízy, napr. finančná, hospodárska či pandémia ochorenia COVID‑19 spôsobeného novým koronavírusom. | ||
| 610 | 2 | 0 | |a Európska únia |
| 610 | 2 | 0 | |a politika kohézna |
| 610 | 2 | 0 | |a koronakríza |
| 610 | 2 | 0 | |a kríza |
| 610 | 2 | 0 | |a vláda |
| 610 | 2 | 0 | |a formy vládne |
| 610 | 2 | 0 | |a Európska komisia |
| 610 | 2 | 0 | |a Európska rada |
| 610 | 2 | 0 | |a Európsky parlament |
| 100 | 1 | |a Jašurek, Igor, 1979- | |